Juice WRLD - Top 25 najczęściej odtwarzanych piosenek - Statystyki

Ogólne statystyki
  • Ten quiz został rozwiązany 123 razy
    19 od ostatniego zresetowania
  • Średni wynik to 15 z 25
Statystyki odpowiedzi
Hint Odpowiedź % Poprawnych
Goodbye & Good Riddance All Girls Are The Same
100%
Goodbye & Good Riddance Lucid Dreams
100%
Goodbye & Good Riddance Wasted
92%
Fighting Demons Legends
83%
Death Race For Love Robbery
83%
Legends Never Die Come & Go
75%
Legends Never Die Wishing Well
75%
Goodbye & Good Riddance Armed And Dangerous
67%
Death Race For Love Bandit
67%
Goodbye & Good Riddance Black & White
67%
Legends Never Die Conversations
67%
WRLD ON DRUGS Fine China
67%
Goodbye & Good Riddance Lean Wit Me
58%
Legends Never Die Righteous
58%
Death Race For Love Empty
50%
Spider-Man: Into the Spider-Verse Hide
50%
Legends Never Die Hate The Other Side
42%
Death Race For Love Hear Me Calling
42%
Singiel Let Me Know (I Wonder Why Freestyle)
42%
Legends Never Die Smile
42%
Legends Never Die Stay High
42%
Death Race For Love Fast
33%
Goodbye & Good Riddance Hurt Me
25%
Death Race For Love Flaws And Sins
17%
Legends Never Die Life's A Mess
8%
Nie znaleziono quizów pasujących do podanych kryteriów
Rozkład punktacji
Procent ludzi z każdym wynikiem
Percentyl według liczby udzielonych odpowiedzi
Twoja historia wyników
Nie rozwiązałeś tego quizu od ostatniego zresetowania